The American federal government / (Record no. 1848)

MARC details
000 -LEADER
fixed length control field 00583nam a2200193 a 4500
003 - CONTROL NUMBER IDENTIFIER
control field BD-DhJNU
005 - DATE AND TIME OF LATEST TRANSACTION
control field 20250630051551.0
008 - FIXED-LENGTH DATA ELEMENTS--GENERAL INFORMATION
fixed length control field 250501s1956 ii a b 001 0 eng
040 ## - CATALOGING SOURCE
Original cataloging agency BD-DhJNU
Language of cataloging ENG
Transcribing agency BD-DhJNU
Modifying agency BD-DhJNU
082 00 - DEWEY DECIMAL CLASSIFICATION NUMBER
Classification number 321.02 FEA
Edition number 23
100 1# - MAIN ENTRY--PERSONAL NAME
Personal name Ferguson, John H.
245 10 - TITLE STATEMENT
Title The American federal government /
Statement of responsibility, etc. John H. Ferguson and Dean E. McHenry
260 ## - PUBLICATION, DISTRIBUTION, ETC.
Place of publication, distribution, etc. New York :
Name of publisher, distributor, etc. McGraw-Hill Book Company,
Date of publication, distribution, etc. 1956.
300 ## - PHYSICAL DESCRIPTION
Extent x, 647 p. :
Other physical details ill. ;
Dimensions 25 cm.
504 ## - BIBLIOGRAPHY, ETC. NOTE
Bibliography, etc. note Includes index.
650 #0 - SUBJECT ADDED ENTRY--TOPICAL TERM
Topical term or geographic name entry element Federal government
700 1# - ADDED ENTRY--PERSONAL NAME
Personal name McHenry, Dean E.
942 ## - ADDED ENTRY ELEMENTS (KOHA)
Koha item type Books
Holdings
Withdrawn status Lost status Source of classification or shelving scheme Damaged status Not for loan Collection Home library Current library Shelving location Date acquired Source of acquisition Total checkouts Full call number Barcode Date last seen Copy number Price effective from Koha item type
    Dewey Decimal Classification     Non-fiction Jagannath University Central Library Jagannath University Central Library General stacks 06/30/2025 Purchased   321.02 FEA JNUCL9026 06/30/2025 1 06/30/2025 Books